| 000 | 00924cam a22002657i 4500 | ||
|---|---|---|---|
| 999 |
_c7962 _d7962 |
||
| 020 | _a9781945424021 | ||
| 020 | _a1945424028 | ||
| 050 | 0 | 0 |
_aHG179.5 _b.G693 |
| 100 | 1 | _aGrable, John E., | |
| 245 | 1 | 4 |
_aThe case approach to financial planning : _bbridging the gap between theory and practice / _cJohn E. Grable, Ph.D., CFP. |
| 250 | _aThird edition. | ||
| 260 |
_aUSA _bNational Underwriter Company _c2016 |
||
| 300 |
_axxiv, 850 pages : _billustrations ; _c28 cm |
||
| 500 | _a"National Underwriter Academic Series." | ||
| 650 | 0 | _aFinancial planners. | |
| 650 | 0 | _aFinance, Personal. | |
| 650 | 0 | _aFinance, Personal | |
| 650 | 0 |
_aFinance, Personal _xStudy and teaching. |
|
| 650 | 0 |
_aFinance, Personal _xComputer programs. |
|
| 650 | 7 | _aFinance, Personal. | |
| 650 | 7 |
_aFinance, Personal _xComputer programs. |
|
| 650 | 7 |
_aFinance, Personal _xStudy and teaching. |
|
| 650 | 7 | _aFinancial planners. | |
| 942 | _cBK | ||